Most-Affected Countries by Coronavirus - Extreme - Statistics

General Stats
  • This quiz has been taken 50 times
    19 since last reset
  • The average score is 14 of 20
Answer Stats
Cases Deaths Letter Country % Correct
34,315,873 614,955 U United States
100%
17,376,998 486,358 B Brazil
92%
5,737,810 110,407 F France
92%
29,439,038 370,407 I India
92%
5,193,964 126,073 R Russia
85%
4,558,494 127,896 U United Kingdom
85%
3,722,295 90,456 G Germany
77%
4,243,482 126,976 I Italy
77%
5,325,435 48,668 T Turkey
77%
4,111,147 85,075 A Argentina
69%
3,020,522 81,911 I Iran
69%
3,733,600 80,501 S Spain
69%
2,448,820 229,821 M Mexico
62%
2,877,243 74,562 P Poland
62%
3,724,705 95,192 C Colombia
54%
1,901,490 52,730 I Indonesia
54%
1,671,703 17,709 N Netherlands
46%
2,001,059 188,443 P Peru
46%
1,739,425 57,706 S South Africa
46%
2,222,701 51,646 U Ukraine
46%
No matching quizzes found
Score Distribution
Percent of People with Each Score
Percentile by Number Answered
Your Score History
You have not taken this quiz since the last reset